<?xml version="1.0" encoding="UTF-8"?>
<record
    xmlns:xsi="http://www.w3.org/2001/XMLSchema-instance"
    xsi:schemaLocation="http://www.loc.gov/MARC21/slim http://www.loc.gov/standards/marcxml/schema/MARC21slim.xsd"
    xmlns="http://www.loc.gov/MARC21/slim">

  <leader>01858nam a22002417a 4500</leader>
  <controlfield tag="001">5532</controlfield>
  <controlfield tag="003">FISKH</controlfield>
  <controlfield tag="005">20250523112046.0</controlfield>
  <controlfield tag="008">241217b        cb ||||| |||| 00| 0 eng d</controlfield>
  <datafield tag="020" ind1=" " ind2=" ">
    <subfield code="a">0782262047122</subfield>
  </datafield>
  <datafield tag="040" ind1=" " ind2=" ">
    <subfield code="a">FISKH</subfield>
    <subfield code="b">Fre</subfield>
    <subfield code="c">FISKH</subfield>
    <subfield code="d">FISKH</subfield>
  </datafield>
  <datafield tag="050" ind1=" " ind2=" ">
    <subfield code="a">GV942.D54 </subfield>
  </datafield>
  <datafield tag="082" ind1=" " ind2=" ">
    <subfield code="a">796.33409 </subfield>
  </datafield>
  <datafield tag="100" ind1=" " ind2=" ">
    <subfield code="a">Dietschy, Paul</subfield>
  </datafield>
  <datafield tag="245" ind1=" " ind2=" ">
    <subfield code="a">Histoire du football / </subfield>
    <subfield code="c">Paul Dietschy</subfield>
  </datafield>
  <datafield tag="250" ind1=" " ind2=" ">
    <subfield code="a">This edition published in 2014</subfield>
  </datafield>
  <datafield tag="260" ind1=" " ind2=" ">
    <subfield code="a">Paris : </subfield>
    <subfield code="b">Perrin, </subfield>
    <subfield code="c">2010</subfield>
  </datafield>
  <datafield tag="300" ind1=" " ind2=" ">
    <subfield code="a">791 pages : </subfield>
    <subfield code="c">18 cm </subfield>
  </datafield>
  <datafield tag="520" ind1=" " ind2=" ">
    <subfield code="a">A l'heure du d&#xE9;clin des id&#xE9;ologies et des liens collectifs, le football fait office de religion civile o&#xF9; s'exacerbe le sentiment d'appartenance. Pour le meilleur en encourageant le d&#xE9;passement et la solidarit&#xE9; ; pour le pire comme en t&#xE9;moigne l'ascension du hooliganisme. Sport de tous les exc&#xE8;s, il est aussi celui de tous les paradoxes contemporains, car il conjugue tentation individualiste et esprit d'&#xE9;quipe, fraternit&#xE9; sportive et d&#xE9;chirements nationalistes, imp&#xE9;ratifs de gestion et d&#xE9;rives de la sp&#xE9;culation, &#xE9;galit&#xE9; th&#xE9;orique du jeu et in&#xE9;galit&#xE9; r&#xE9;elle des &#xE9;quipes. En r&#xE9;sum&#xE9;, il en dit beaucoup sur notre histoire en g&#xE9;n&#xE9;ral et sur la mondialisation en particulier.

Paul Dietschy est ancien &#xE9;l&#xE8;ve de l'&#xC9;cole normale sup&#xE9;rieure de Fontenay-Saint-Cloud et agr&#xE9;g&#xE9; d'histoire. Apr&#xE8;s une th&#xE8;se de doctorat d'histoire contemporaine consacr&#xE9;e au football &#xE0; Turin, il a men&#xE9; des recherches sur l'histoire politique et culturelle du sport et du football. Aujourd'hui ma&#xEE;tre de conf&#xE9;rences &#xE0; l'universit&#xE9; de Franche-Comt&#xE9;, il y enseigne l'histoire contemporaine et l'histoire du sport et coanime avec Patrick Clastres un s&#xE9;minaire sur l'histoire du sport au Centre d'histoire de Sciences-Po (Paris).</subfield>
  </datafield>
  <datafield tag="650" ind1=" " ind2=" ">
    <subfield code="a">Football </subfield>
    <subfield code="v">Histoire </subfield>
    <subfield code="x">Sport</subfield>
  </datafield>
  <datafield tag="942" ind1=" " ind2=" ">
    <subfield code="2">ddc</subfield>
    <subfield code="c">BK</subfield>
    <subfield code="n">0</subfield>
  </datafield>
  <datafield tag="999" ind1=" " ind2=" ">
    <subfield code="c">5532</subfield>
    <subfield code="d">5532</subfield>
  </datafield>
  <datafield tag="952" ind1=" " ind2=" ">
    <subfield code="0">0</subfield>
    <subfield code="1">0</subfield>
    <subfield code="2">ddc</subfield>
    <subfield code="4">0</subfield>
    <subfield code="7">0</subfield>
    <subfield code="8">NFIC</subfield>
    <subfield code="a">002</subfield>
    <subfield code="b">002</subfield>
    <subfield code="c">SNS</subfield>
    <subfield code="d">2024-12-17</subfield>
    <subfield code="l">0</subfield>
    <subfield code="o">DIE 796.33409 GV942.D54 </subfield>
    <subfield code="p">2024-2456</subfield>
    <subfield code="r">2024-12-17 08:26:15</subfield>
    <subfield code="w">2024-12-17</subfield>
    <subfield code="y">BK</subfield>
  </datafield>
</record>
